000 00272nam a2200109Ia 4500
008 220204s9999 xx 000 0 und d
020 _a8190186604
082 _a0582004
_bMAN
245 0 _aManorama yearbook 2004
260 _aKottayam
_bMalayala Manorama
_c2004
942 _cBK
999 _c42207
_d42207